00253nam a2200097Ia 4500008004100000041000800041100001800049245003800067260003100105999001900136230508s2012 xx 000 0 und d aeng aDR.KUMAR.D.S. aMECHANICAL MEASUREMENTS & CONTROL bMETROPOLITAN BOOK COc2012 c738848d738848